Ice Hockey World Championship Top 4 Positions - Statistics

General Stats
  • This quiz has been taken 417 times
    153 since last reset
  • The average score is 17 of 19
Answer Stats
Answer % Correct
Canada
100%
United States
100%
Russia
99%
Sweden
99%
Czech Republic
98%
Finland
98%
Germany
97%
Slovakia
96%
Soviet Union
96%
Great Britain
94%
Switzerland
94%
Norway
92%
Denmark
90%
Latvia
90%
Czechoslovakia
87%
Austria
84%
Italy
79%
Poland
76%
West Germany
54%
No matching quizzes found
Score Distribution
Percent of People with Each Score
Percentile by Number Answered
Your Score History
You have not taken this quiz since the last reset